000 00845nam a2200193Ia 4500
008 090124s9999 xx 000 0 und d
020 _a81-7774-082-2
082 _b43568
100 _aपंडित बाळ ज.
245 _aKASOTI KRIKET MADHIL MARATHI KHELADU कसोटी क्रिकेट मधील मराठी खेळाडू
250 _a1
260 _bप्रतिमा प्रकाशन
_c2005
300 _a320
600 _aपंडित बाळ ज.
630 _aKASOTI KRIKET MADHIL MARATHI KHELADU कसोटी क्रिकेट मधील मराठी खेळाडू
700 _aपंडित बाळ ज.
730 _aKASOTI KRIKET MADHIL MARATHI KHELADU कसोटी क्रिकेट मधील मराठी खेळाडू
942 _cBOOK
999 _c109797
_d109797